| 000 | 00679nam a2200217Ia 4500 | ||
|---|---|---|---|
| 005 | 20241129110935.0 | ||
| 008 | 241129s9999||||xx |||||||||||||| ||und|| | ||
| 020 | _a978-93-90702-19-0 | ||
| 037 | _aTB | ||
| 040 |
_aCRL _bhin _cCRL |
||
| 041 |
_ahin _2hin |
||
| 084 |
_aQ23:33 152R1 _qCRL |
||
| 100 | _aसिंह, प्रभा ललित, ले. | ||
| 245 | 0 |
_aअघोर _cसिंह, प्रभा ललित, ले. |
|
| 260 |
_aनई दिल्ली, भारत _bकिताबवाले _c2021 |
||
| 300 | _a274पृ0 | ||
| 365 |
_aINR _b900 |
||
| 650 | _aReligion | ||
| 942 |
_cTB _hQ23:33 152R1 |
||
| 999 |
_c1228197 _d1228197 |
||